<?xml version="1.0" encoding="UTF-8"?>
<record
    xmlns:xsi="http://www.w3.org/2001/XMLSchema-instance"
    xsi:schemaLocation="http://www.loc.gov/MARC21/slim http://www.loc.gov/standards/marcxml/schema/MARC21slim.xsd"
    xmlns="http://www.loc.gov/MARC21/slim">

  <leader>00693nam a22002297a 4500</leader>
  <controlfield tag="005">20170124110214.0</controlfield>
  <datafield tag="010" ind1=" " ind2=" ">
    <subfield code="a">A-710227</subfield>
  </datafield>
  <datafield tag="020" ind1=" " ind2=" ">
    <subfield code="c">80.00</subfield>
    <subfield code="a">8120202260</subfield>
  </datafield>
  <datafield tag="035" ind1=" " ind2=" ">
    <subfield code="a">A-710227</subfield>
  </datafield>
  <datafield tag="037" ind1=" " ind2=" ">
    <subfield code="b">Cen Lib/Ret</subfield>
  </datafield>
  <datafield tag="040" ind1=" " ind2=" ">
    <subfield code="a">DPL</subfield>
    <subfield code="b">EN</subfield>
  </datafield>
  <datafield tag="082" ind1=" " ind2=" ">
    <subfield code="a">954.0841</subfield>
    <subfield code="b">GHO</subfield>
  </datafield>
  <datafield tag="100" ind1=" " ind2=" ">
    <subfield code="a">Ghosh, Oroon K</subfield>
    <subfield code="9">38752</subfield>
  </datafield>
  <datafield tag="245" ind1=" " ind2=" ">
    <subfield code="a">How India won freedom /</subfield>
    <subfield code="c">by Oroon K Ghosh</subfield>
  </datafield>
  <datafield tag="260" ind1=" " ind2=" ">
    <subfield code="a">Delhi </subfield>
    <subfield code="b">Ajanta Publications</subfield>
    <subfield code="c">1989</subfield>
  </datafield>
  <datafield tag="270" ind1=" " ind2=" ">
    <subfield code="a">1, UB, Jawahar Nagar, Bungalow Road</subfield>
    <subfield code="b">Delhi</subfield>
    <subfield code="e">110007</subfield>
  </datafield>
  <datafield tag="300" ind1=" " ind2=" ">
    <subfield code="a">115p. </subfield>
    <subfield code="c">21cm(Hb)</subfield>
  </datafield>
  <datafield tag="500" ind1=" " ind2=" ">
    <subfield code="a">Includes index</subfield>
  </datafield>
  <datafield tag="650" ind1=" " ind2=" ">
    <subfield code="a">Nationalism</subfield>
    <subfield code="9">38753</subfield>
  </datafield>
  <datafield tag="650" ind1=" " ind2=" ">
    <subfield code="a">India -- Politics and government -- 1765-1947</subfield>
    <subfield code="9">12717</subfield>
  </datafield>
  <datafield tag="942" ind1=" " ind2=" ">
    <subfield code="2">ddc</subfield>
    <subfield code="c">EN</subfield>
    <subfield code="h">954.0841</subfield>
    <subfield code="m">GHO</subfield>
  </datafield>
  <datafield tag="999" ind1=" " ind2=" ">
    <subfield code="c">133730</subfield>
    <subfield code="d">133730</subfield>
  </datafield>
  <datafield tag="952" ind1=" " ind2=" ">
    <subfield code="0">0</subfield>
    <subfield code="1">0</subfield>
    <subfield code="4">0</subfield>
    <subfield code="7">1</subfield>
    <subfield code="8">REF</subfield>
    <subfield code="a">L</subfield>
    <subfield code="b">L</subfield>
    <subfield code="d">2015-07-27</subfield>
    <subfield code="e">Cen Lib/Ret   </subfield>
    <subfield code="g">80.00</subfield>
    <subfield code="l">0</subfield>
    <subfield code="o">954.0841 GHO</subfield>
    <subfield code="p">A-710227</subfield>
    <subfield code="r">2015-07-27 00:00:00</subfield>
    <subfield code="t">1</subfield>
    <subfield code="v">80.00</subfield>
    <subfield code="w">2015-07-27</subfield>
    <subfield code="y">EN</subfield>
  </datafield>
</record>
